000 00741nam a2200217Ii 4500
003 JO-AjNU
008 230605s9999||||xx |||||||||||||| ||und||
017 _a2004/7/1578
040 _aJO-AjNU
_bara
_erda
_cJO-AjNU
041 _aara
050 1 4 _aB412.A7.H3522.2004
100 3 _aالهميم،عبد اللطيف ,
_eauthor
_98159
245 0 0 _aمنطق أرسطو وأثره السلبي في بنية الفكر الإسلامي
250 _aط1
264 3 1 _aعمان:دار عمار للنشر والتوزيع ،2004
300 _a136ص
336 _atext
_btxt
_2rdacontent
337 _aunmediated
_bn
_2rdamedia
338 _avolume
_bnc
_2rdacarrier
650 4 _aالفكر الاسلامي-مدارس علم النفس
_98160
999 _aA647
_c4215
_d4215